| 000 | 01533nam0a2200373 i 4500 | ||
|---|---|---|---|
| 001 | RU\NLR\BIBL_A\010915314 | ||
| 005 | 20240921160958.0 | ||
| 010 |
_a9785209067689 _9500 |
||
| 021 |
_aRU _b2015-88502 _95445 |
||
| 035 | _a(NILC)RuMoRGB-008071947 | ||
| 035 | _a(NLR Aleph) 010915314 | ||
| 090 |
_a10651092 _c10651092 |
||
| 100 | _a20151202d2015 km y0rusy50 ca | ||
| 101 | 0 | _arus | |
| 102 | _aRU | ||
| 105 | _aa|||z|||000zy | ||
| 200 | 1 |
_aЭффективность использования новых технологий: оценки и затраты _fЭ. Н. Ожиганов |
|
| 210 |
_aМосква _cРУДН _d2015 |
||
| 215 |
_a137, [1] с. _cил., цв. ил. _d21 |
||
| 300 | _aНа 4-й с. обл. авт.: Э.Н. Ожиганов, д.филос.н., проф. | ||
| 320 | _aБиблиогр. в подстроч. примеч. | ||
| 606 | 1 |
_aНаукоемкая продукция _xУправление _92219173 _3RU\NLR\AUTH\6601565937 |
|
| 606 | 1 |
_aНаукоемкая продукция _xФинансирование _92607429 _3RU\NLR\AUTH\661543987 |
|
| 606 | 1 |
_aАэрокосмическая промышленность _91081178 _3RU\NLR\AUTH\66103786 |
|
| 675 | _a338.45:330.341.1 | ||
| 686 | 1 | _aУ30(0)-55-21 | |
| 686 | 1 | _aУ30(0)-55-93 | |
| 686 | 1 | _aУ30(0)585.152.76 | |
| 700 | 1 |
_aОжиганов _bЭ. Н. _gЭдвард Николаевич |
|
| 801 | 0 |
_aRU _bРГБ _c20151117 _gRCR |
|
| 942 | _cBOOK | ||
| 980 | _aNBR | ||